00421nam a2200133Ia 4500003000900000008004100009040001600050080001500066110002200081245011100103260003700214300001200251650002400263IN-BaIIA211028s9999 xx 000 0 eng d cIIA Library a520.2bROY aThe Royal Society 0aCorrespondence concerning the great melbourne telescopebin three parts 1852- 1870cThe Royal Society  aLondonbTaylor and Francisc1871 av, 59p. aMelbourne Telescope